000 00638nam a2200241Ia 4500
003 OSt
005 20221007063914.0
006 a|||||r|||| 00| 0
007 ta
008 221006b |||||||| |||| 00| 0 eng d
024 _a21,665
037 _cTextual
040 _aFLL
_cFLL
_beng
041 _2eng
_aeng
082 _aZ2:805, C5
100 _aKt. H. T. Prinsep
_9684928
245 0 _aCode of criminal procedure
250 _a11th
260 _aCalcutta
_bThacker, Spink, and Co. India
_c1895
300 _axxxiii,467p
_ccm.
942 _hZ2:805, C5
_cTEXL
_2CC
999 _c1132517
_d1132517